Catalina II / (Record no. 150060)

MARC details
000 -LEADER
campo de control de longitud fija 00547nam a2200181 i 4500
001 - NÚMERO DE CONTROL
campo de control 150060
003 - IDENTIFICADOR DE NÚMERO DE CONTROL
campo de control ES-MaACL
005 - FECHA Y HORA DE LA ÚLTIMA TRANSACCIÓN
campo de control 20230906203348.0
007 - CAMPO FIJO DE DESCRIPCIÓN FÍSICA--INFORMACIÓN GENERAL
campo de control de longitud fija t|
008 - DATOS DE LONGITUD FIJA--INFORMACIÓN GENERAL
campo de control de longitud fija 071026s1960 sp ||||1| spa d
100 1# - ENTRADA PRINCIPAL--NOMBRE DE PERSONA
Nombre de persona Vallotton, Henry.
9 (RLIN) 112926
245 10 - MENCIÓN DEL TÍTULO
Título Catalina II /
Mención de responsabilidad, etc. Henri Vallotton ; [traducción y notas de Alfredo Darnell].
260 ## - PUBLICACIÓN, DISTRIBUCIÓN, ETC.
Lugar de publicación, distribución, etc. Madrid :
Nombre del editor, distribuidor, etc. Cid,
Fecha de publicación, distribución, etc. 1960.
300 ## - DESCRIPCIÓN FÍSICA
Extensión 365 p. ;
Dimensiones 21 cm.
600 14 - PUNTO DE ACCESO ADICIONAL DE MATERIA--NOMBRE DE PERSONA
Nombre de persona Catalina
Numeración II
Títulos y otros términos asociados al nombre Emperatriz de Rusia.
9 (RLIN) 37041
700 1# - ENTRADA AGREGADA--NOMBRE PERSONAL
Nombre de persona Darnell, Alfredo.
9 (RLIN) 42740
852 ## - LOCALIZACIÓN
Ubicación ES-MaACL
Número de control de estantería C-19088
Sublocalización o colección R.47181
Holdings
Estatus retirado Estado de pérdida Estado de daño No para préstamo Biblioteca de origen Biblioteca actual Ubicación en estantería Fecha de adquisición Fuente de adquisición Total de préstamos Signatura topográfica completa Código de barras Visto por última vez Precio de reemplazo Tipo de ítem Koha
        Biblioteca del Ateneo de Madrid Biblioteca del Ateneo de Madrid Galería 17/01/2008     C-19088 1156588 23/02/2023 23/02/2023 Libro impreso